[Event "Fast Queen Gambit Declined!"]
[Site "SchemingMind.com"]
[Date "2018.08.23"]
[Round "-"]
[White "kenneth m day"]
[Black "jolasebabes"]
[Result "0-1"]
[WhiteCountry "USA"]
[BlackCountry "POR"]
[WhiteElo "1709"]
[WhiteRD "56"]
[BlackElo "2146"]
[BlackRD "70"]
[GameID "431754"]

1. d4 d5 2. c4 e6 3. Nc3 Nf6 4. Bg5 Be7 5. Nf3 Nbd7 6. e3 h6 7. Bh4 O-O 8. Rc1 c5 9. Bd3 dxc4 10. Bxc4 cxd4
11. exd4 a6 12. Bb3 b5 13. a3 Bb7 14. Qe2 Nb6 15. Rd1 Nbd5 16. O-O Nxc3 17. bxc3 Bxa3 18. Ne5 Re8 19. Bc2 Qc7 20. Bxf6 gxf6
21. Ng4 Kg7 22. Qe3 Rh8 23. Rfe1 h5 24. Ne5 fxe5 25. Qg5+ Kf8 26. Qxe5 Qxe5 27. Rxe5 Rc8 28. Rd3 b4 29. Rc5 Ke7 30. cxb4 Bxb4
31. Rxc8 Rxc8 32. Bb3 Rc1+ 33. Rd1 Rxd1+ 34. Bxd1 Bc3 35. f3 Bxd4+ 36. Kf1 Bc6 37. Bb3 a5 38. Ke2 a4 39. Ba2 Bb5+ 40. Ke1 Kd6
41. g3 Kc5 42. h3 Bc4 43. Bb1 Kb4 44. Kd1 Kc3 45. Be4 a3 46. Bb1 Kb2
0-1

[Event "Fast Queen Gambit Declined!"]
[Site "SchemingMind.com"]
[Date "2018.08.23"]
[Round "-"]
[White "jolasebabes"]
[Black "kenneth m day"]
[Result "1-0"]
[WhiteCountry "POR"]
[BlackCountry "USA"]
[WhiteElo "2146"]
[WhiteRD "70"]
[BlackElo "1709"]
[BlackRD "56"]
[GameID "431755"]

1. d4 d5 2. c4 e6 3. Nc3 Nf6 4. Bg5 Be7 5. Nf3 h6 6. Bh4 Nbd7 7. e3 dxc4 8. Bxc4 O-O 9. Qc2 b6 10. O-O Bb7
11. e4 c5 12. Rad1 cxd4 13. Nxd4 Rc8 14. Bd3 Ne5 15. Nf3 Nxf3+ 16. gxf3 Qc7 17. Bg3 e5 18. Qe2 Nh5 19. Ba6 Bxa6 20. Qxa6 Bc5
21. Nd5 Qb8 22. b4 Nxg3 23. hxg3 Bxb4 24. Nxb4 Rfd8 25. Rxd8+ Rxd8 26. Nc6
1-0

[Event "Fast Queen Gambit Declined!"]
[Site "SchemingMind.com"]
[Date "2018.08.28"]
[Round "-"]
[White "Phillip Beckett"]
[Black "kenneth m day"]
[Result "1/2-1/2"]
[WhiteCountry "ENG"]
[BlackCountry "USA"]
[WhiteElo "1502"]
[WhiteRD "55"]
[BlackElo "1709"]
[BlackRD "56"]
[GameID "431903"]

1. d4 d5 2. c4 e6 3. Nc3 Nf6 4. Bg5 Be7 5. Nf3 O-O 6. e3 Nbd7 7. cxd5 exd5 8. Bd3 c6 9. O-O Re8 10. Qc2 h6
11. Bh4 Qc7 12. Bxf6 Nxf6 13. Rac1 Bg4 14. Ne5 Rad8 15. Nxg4 Nxg4 16. g3 h5 17. Bf5 Nf6 18. Na4 g6 19. Bd3 Bd6 20. Nc5 Nd7
21. Bxg6 Nxc5 22. dxc5 Bxc5 23. Bh7+ Kg7 24. Bd3 Bd6 25. Be2 Rh8 26. Qf5 Rh6 27. Bd3 Be7 28. Qf4 Qxf4 29. exf4 Bf6 30. b3 Bd4
31. Rfe1 Re6 32. Rxe6 fxe6 33. Re1 Re8 34. Kg2 Kf6 35. f3 Bc5 36. h3 Rg8 37. g4 Bd6 38. f5 e5 39. Bc2 d4 40. Bd3 a6
41. Be4 Rg7 42. Kf2 Kg5 43. Kg3 h4+ 44. Kg2 Kf4 45. Bb1 Kg5 46. Be4=
1/2-1/2

[Event "Fast Queen Gambit Declined!"]
[Site "SchemingMind.com"]
[Date "2018.08.28"]
[Round "-"]
[White "kenneth m day"]
[Black "Phillip Beckett"]
[Result "1-0"]
[WhiteCountry "USA"]
[BlackCountry "ENG"]
[WhiteElo "1709"]
[WhiteRD "56"]
[BlackElo "1502"]
[BlackRD "55"]
[GameID "431904"]

1. d4 d5 2. c4 e6 3. Nc3 Nf6 4. Bg5 Be7 5. Nf3 h6 6. Bh4 O-O 7. e3 Ne4 8. Bxe7 Qxe7 9. Bd3 Nxc3 10. bxc3 dxc4
11. Bxc4 Nd7 12. O-O e5 13. e4 exd4 14. Qxd4 Nb6 15. Bb3 Be6 16. Bxe6 Qxe6 17. Rfe1 Rad8 18. Qe3 Qc4 19. h3 Rd3 20. Qe2 Rxc3
21. Qxc4 Rxc4 22. e5 Rc2 23. Nd4 Rd2 24. Nb5 c6 25. Nd6 Nd5 26. Nxb7 Rb8 27. Na5 Rc2 28. Nb3 Nc3 29. Kf1 Nxa2 30. Nd4 Rbb2
31. Nxc2 Rxc2 32. Re4 c5 33. Ra4 Nc3 34. Rxa7 Re2 35. Re1 Rc2 36. Rc7 Nd5 37. Rc8+ Kh7 38. Rc6 c4 39. Re4 Nc3 40. Re1 Nd5
41. Rd6 Nf4 42. Rdd1 Nd3 43. Re2 Rc3 44. Re4 Nc5 45. Re3 Rc2 46. Ke1 Nd3+ 47. Rexd3 cxd3 48. Rxd3 Rc5 49. Re3 Kg6 50. f4 Rc1+
51. Kd2 Rg1 52. g4 Rf1 53. Re4 Rf3 54. h4 Rg3 55. f5+ Kh7 56. e6 fxe6 57. fxe6
1-0

[Event "Fast Queen Gambit Declined!"]
[Site "SchemingMind.com"]
[Date "2018.08.28"]
[Round "-"]
[White "Phillip Beckett"]
[Black "jolasebabes"]
[Result "1/2-1/2"]
[WhiteCountry "ENG"]
[BlackCountry "POR"]
[WhiteElo "1482"]
[WhiteRD "55"]
[BlackElo "2150"]
[BlackRD "72"]
[GameID "431905"]

1. d4 d5 2. c4 e6 3. Nc3 Nf6 4. Bg5 Be7 5. Nf3 Nbd7 6. e3 h6 7. Bh4 O-O 8. Bd3 c5 9. cxd5 cxd4 10. Nxd4 Nxd5
11. Bxe7 Nxe7 12. O-O Nf6 13. Nf3 Bd7 14. Ne4 Nxe4 15. Bxe4 Bc6= 16. Bxc6 Nxc6 17. Qxd8 Rfxd8 18. Rfd1 Kf8 19. Rac1 Rxd1+ 20. Rxd1 Ke7
21. Kf1 Rd8 22. Rxd8 Kxd8 23. Ke2 Kd7 24. Kd3=
1/2-1/2

[Event "Fast Queen Gambit Declined!"]
[Site "SchemingMind.com"]
[Date "2018.08.28"]
[Round "-"]
[White "jolasebabes"]
[Black "Phillip Beckett"]
[Result "1-0"]
[WhiteCountry "POR"]
[BlackCountry "ENG"]
[WhiteElo "2150"]
[WhiteRD "72"]
[BlackElo "1482"]
[BlackRD "55"]
[GameID "431906"]

1. d4 d5 2. c4 e6 3. Nc3 Nf6 4. Bg5 Be7 5. Nf3 h6 6. Bh4 O-O 7. e3 Ne4 8. Bxe7 Qxe7 9. Rc1 Nxc3 10. Rxc3 c6
11. Bd3 dxc4 12. Bxc4 Nd7 13. O-O e5 14. Bb3 exd4 15. exd4 Nf6 16. Re1 Qd6 17. Ne5 Nd7 18. Nxf7 Rxf7 19. Re8+ Nf8 20. Rf3 Bg4
21. Bxf7+ Kh8 22. Rxa8 Bxf3 23. Qxf3
1-0

[Event "Fast Queen Gambit Declined!"]
[Site "SchemingMind.com"]
[Date "2018.09.02"]
[Round "-"]
[White "Phillip Beckett"]
[Black "flyinduck"]
[Result "0-1"]
[WhiteCountry "ENG"]
[BlackCountry "CAN"]
[WhiteElo "1502"]
[WhiteRD "55"]
[BlackElo "2023"]
[BlackRD "52"]
[GameID "432149"]

1. d4 d5 2. c4 e6 3. Nc3 Nf6 4. Bg5 Be7 5. Nf3 O-O 6. e3 c6 7. cxd5 exd5 8. Bd3 Bg4 9. h3 Bh5 10. Be2 Nbd7
11. O-O Re8 12. Nh2 Bxe2 13. Qxe2 Ne4 14. Bxe7 Nxc3 15. bxc3 Qxe7 16. Rab1 b5 17. Qg4 Nf6 18. Qg3 Ne4 19. Qg4 Nd2 20. Rbd1 Nxf1
21. Rxf1 a5 22. Nf3 f6 23. Nh4 Qe6 24. Nf5 g6 25. Nh6+ Kg7 26. Qxe6 Rxe6 27. Ng4 h5 28. Nh2 b4 29. cxb4 axb4 30. Rb1 Ra4
31. Nf1 c5 32. dxc5 Rc6 33. Rb2 Rxc5 34. Nd2 Rc1+ 35. Nf1 Ra1 36. g3 R1xa2 37. Rb3 Kf7 38. Kg2 Ke6 39. Nh2 Kd6 40. Nf3 Kc5
41. Nd4 Rd2 42. Nf3 Rc2 43. Nd4 Raa2 44. Nxc2 Rxc2 45. Kf3 Kc4 46. Rb1 b3 47. e4 dxe4+ 48. Kxe4 Rxf2
0-1

[Event "Fast Queen Gambit Declined!"]
[Site "SchemingMind.com"]
[Date "2018.09.03"]
[Round "-"]
[White "flyinduck"]
[Black "Phillip Beckett"]
[Result "1-0"]
[WhiteCountry "CAN"]
[BlackCountry "ENG"]
[WhiteElo "2024"]
[WhiteRD "53"]
[BlackElo "1482"]
[BlackRD "55"]
[GameID "432150"]

1. d4 d5 2. c4 e6 3. Nc3 Nf6 4. Bg5 Be7 5. Nf3 h6 6. Bh4 O-O 7. e3 Ne4 8. Bxe7 Qxe7 9. Rc1 Nxc3 10. Rxc3 c6
11. Bd3 dxc4 12. Bxc4 Nd7 13. O-O e5 14. dxe5 Nxe5 15. Nxe5 Qxe5 16. f4 Qe7 17. f5 Bd7 18. f6 Qe5 19. fxg7 Qxg7 20. e4 Qe5
21. Qxd7 Rad8 22. Qf5 Qxf5 23. exf5 Rd2 24. Rf2 Rfd8 25. Rc2 Rxc2 26. Rxc2 Rd1+ 27. Kf2 Kg7 28. Be2 Rd5 29. g4 h5 30. gxh5 Rxf5+
31. Kg3 Kh6 32. Bg4 Rb5 33. Rd2 Rg5 34. Kf4 Ra5 35. Rd6+ Kg7 36. h6+ Kh7 37. Bf5+ Kh8 38. Rd8#
1-0

[Event "Fast Queen Gambit Declined!"]
[Site "SchemingMind.com"]
[Date "2018.09.02"]
[Round "-"]
[White "kenneth m day"]
[Black "flyinduck"]
[Result "1/2-1/2"]
[WhiteCountry "USA"]
[BlackCountry "CAN"]
[WhiteElo "1709"]
[WhiteRD "56"]
[BlackElo "2023"]
[BlackRD "52"]
[GameID "432151"]

1. d4 d5 2. c4 e6 3. Nc3 Nf6 4. Bg5 Be7 5. Nf3 O-O 6. e3 c6 7. Bd3 Nbd7 8. O-O dxc4 9. Bxc4 Nd5 10. Bxe7 Qxe7
11. Qd3 Nxc3 12. bxc3 e5 13. dxe5 Nxe5 14. Nxe5 Qxe5 15. Rfd1 Bf5 16. Qd4 Qxd4 17. cxd4 b5 18. Be2 Rac8 19. Rac1 Be4 20. f3 Bd5
21. Rd2 f5 22. Rdc2 Rf6 23. Bd3 Re8 24. Re2 Rfe6 25. Kf2 g6 26. e4 fxe4 27. fxe4 Rf6+ 28. Kg3 Bf7 29. Bb1 Rd6 30. Rd1 c5
31. Red2 Red8 32. d5 Kg7 33. Kf4 h6 34. a3 g5+ 35. Ke3 R8d7 36. Ba2 c4=
1/2-1/2

[Event "Fast Queen Gambit Declined!"]
[Site "SchemingMind.com"]
[Date "2018.09.02"]
[Round "-"]
[White "flyinduck"]
[Black "kenneth m day"]
[Result "1-0"]
[WhiteCountry "CAN"]
[BlackCountry "USA"]
[WhiteElo "1993"]
[WhiteRD "51"]
[BlackElo "1687"]
[BlackRD "59"]
[GameID "432152"]

1. d4 d5 2. c4 e6 3. Nc3 Nf6 4. Bg5 Be7 5. Nf3 h6 6. Bh4 O-O 7. e3 b6 8. Rc1 Bb7 9. Bxf6 Bxf6 10. cxd5 exd5
11. b4 Nd7 12. Qb3 c6 13. Be2 Re8 14. O-O Rc8 15. Rfd1 Be7 16. b5 Bd6 17. bxc6 Bxc6 18. Ba6 Rc7 19. Nxd5 Bxd5 20. Qxd5 Nf6
21. Qb3 Qe7 22. Rxc7 Qxc7 23. h3 Ne4 24. Kf1 Kf8 25. Qc4 Qxc4+ 26. Bxc4 Rc8 27. Bb3 a5 28. Nd2 Nc3 29. Rc1 Bb4 30. Nb1 a4
31. Bxa4 Ra8 32. Nxc3 Bxc3 33. Bb3 Rc8 34. Ke2 b5 35. Kd3 b4 36. a3 Rb8 37. axb4 Bxb4 38. Rc7 Be7 39. Bc4 g6 40. d5 Bd6
41. Rd7 Rb6 42. f4 h5 43. h4 Ke8 44. Ra7 Rb2 45. Ra2 Rb1 46. Ke2 Rh1 47. g3 Rh2+ 48. Kf3 Rxa2 49. Bxa2 Ke7 50. e4 Kd7
51. e5 Bc5 52. g4 hxg4+ 53. Kxg4 Bb6 54. h5 Be3 55. h6
1-0

[Event "Fast Queen Gambit Declined!"]
[Site "SchemingMind.com"]
[Date "2018.09.03"]
[Round "-"]
[White "flyinduck"]
[Black "jolasebabes"]
[Result "1/2-1/2"]
[WhiteCountry "CAN"]
[BlackCountry "POR"]
[WhiteElo "2023"]
[WhiteRD "52"]
[BlackElo "2146"]
[BlackRD "70"]
[GameID "432153"]

1. d4 d5 2. c4 e6 3. Nc3 Nf6 4. Bg5 Be7 5. Nf3 O-O 6. e3 Nbd7 7. Rc1 h6 8. Bh4 c5 9. cxd5 Nxd5 10. Bxe7 Nxe7
11. Bd3 b6 12. Be4 Rb8 13. O-O cxd4 14. Nxd4 Nf6 15. Bb1 Bb7 16. Qe2 Rc8 17. Rfd1 Ned5 18. Nxd5 Nxd5 19. Rxc8 Qxc8 20. f3 Nf6
21. Qe1 Rd8 22. Bd3 Qc5 23. Nb3 Qe7 24. e4 e5 25. Bc4 Rxd1 26. Qxd1 Qd7 27. Qxd7 Nxd7=
1/2-1/2

[Event "Fast Queen Gambit Declined!"]
[Site "SchemingMind.com"]
[Date "2018.09.02"]
[Round "-"]
[White "jolasebabes"]
[Black "flyinduck"]
[Result "1-0"]
[WhiteCountry "POR"]
[BlackCountry "CAN"]
[WhiteElo "2150"]
[WhiteRD "72"]
[BlackElo "2024"]
[BlackRD "53"]
[GameID "432154"]

1. d4 d5 2. c4 e6 3. Nc3 Nf6 4. Bg5 Be7 5. Nf3 O-O 6. e3 c6 7. Bd3 Nbd7 8. O-O dxc4 9. Bxc4 Nd5 10. Bxe7 Qxe7
11. Qc2 Re8 12. Rfe1 Nxc3 13. Qxc3 h6 14. Rad1 b5 15. Be2 Bb7 16. e4 b4 17. Qc2 e5 18. Bc4 exd4 19. Nxd4 Ne5 20. Nf5 Qc7
21. f4 Nxc4 22. Qxc4 a5 23. Nd6 Red8 24. e5 c5 25. f5 Rd7 26. f6 g6 27. Qf4 Kh7 28. e6 fxe6 29. Rxe6 Qc6 30. Rd2 Rf8
31. Rde2
1-0

[Event "Fast Queen Gambit Declined!"]
[Site "SchemingMind.com"]
[Date "2018.09.15"]
[Round "-"]
[White "Phillip Beckett"]
[Black "ray winteringham"]
[Result "0-1"]
[WhiteCountry "ENG"]
[BlackCountry "ENG"]
[WhiteElo "1482"]
[WhiteRD "55"]
[BlackElo "1483"]
[BlackRD "53"]
[GameID "432579"]

1. d4 d5 2. c4 e6 3. Nc3 Nf6 4. Bg5 Be7 5. Nf3 Bd6 6. e3 Be7 7. Bd3 Nbd7 8. cxd5 exd5 9. O-O c6 10. Qc2 g6
11. a3 b5 12. Ne5 Nxe5 13. dxe5 Nd7 14. Bxe7 Qxe7 15. f4 Bb7 16. Na2 a6 17. Nb4 c5 18. Na2 O-O 19. Be2 f6 20. exf6 Qxf6
21. Qc3 Qc6 22. Bf3 Qc7 23. Bg4 Nf6 24. Be6+ Kh8 25. g4 Qc6 26. g5 d4 27. exd4 Qg2#
0-1

[Event "Fast Queen Gambit Declined!"]
[Site "SchemingMind.com"]
[Date "2018.09.16"]
[Round "-"]
[White "ray winteringham"]
[Black "Phillip Beckett"]
[Result "1-0"]
[WhiteCountry "ENG"]
[BlackCountry "ENG"]
[WhiteElo "1483"]
[WhiteRD "53"]
[BlackElo "1482"]
[BlackRD "55"]
[GameID "432580"]

1. d4 d5 2. c4 e6 3. Nc3 Nf6 4. Bg5 Be7 5. Nf3 h6 6. Bh4 O-O 7. e3 Ne4 8. Bxe7 Qxe7 9. Nxe4 dxe4 10. Nd2 f5
11. Qb3 Nd7 12. d5 Nc5 13. Qc3 exd5 14. Be2 Be6 15. b3 c6 16. O-O Rad8 17. Rfd1 dxc4 18. Nxc4 Rxd1+ 19. Rxd1 Rd8 20. Rxd8+ Qxd8
21. h3 Bxc4 22. Qxc4+ Kh7 23. Qxc5 Qb6 24. Qxf5+ g6 25. Qf7+ Kh8 26. Bc4 Qd8 27. Qxg6 Qd1+ 28. Kh2 Qd8 29. Qxh6#
1-0

[Event "Fast Queen Gambit Declined!"]
[Site "SchemingMind.com"]
[Date "2018.09.15"]
[Round "-"]
[White "kenneth m day"]
[Black "ray winteringham"]
[Result "1-0"]
[WhiteCountry "USA"]
[BlackCountry "ENG"]
[WhiteElo "1709"]
[WhiteRD "56"]
[BlackElo "1496"]
[BlackRD "51"]
[GameID "432581"]

1. d4 d5 2. c4 e6 3. Nc3 Nf6 4. Bg5 Be7 5. Nf3 h6 6. Bf4 Nbd7 7. h3 c6 8. e3 b6 9. cxd5 cxd5 10. Bb5 O-O
11. O-O Bb7 12. Rc1 a6 13. Bd3 b5 14. Ne5 Nxe5 15. Bxe5 g6 16. Qf3 Kg7 17. Rc2 h5 18. Rfc1 Bd6 19. Ne2 Qe7 20. Qg3 Bxe5
21. dxe5 Nh7 22. Rc7 Qb4 23. Rxb7 Qxb2 24. Rbc7 Kh6 25. R7c2 Qa3 26. e4 d4 27. Nxd4 Qe7 28. h4 f6 29. exf6 Rxf6 30. e5 Rf7
31. Be4 g5 32. Bxa8 gxh4 33. Qe3+ Ng5 34. Rc5 Kg7 35. Rc6 Kg6 36. Rxa6 Rf8 37. Be4+ Kh6 38. Rxe6+
1-0

[Event "Fast Queen Gambit Declined!"]
[Site "SchemingMind.com"]
[Date "2018.09.16"]
[Round "-"]
[White "ray winteringham"]
[Black "kenneth m day"]
[Result "0-1"]
[WhiteCountry "ENG"]
[BlackCountry "USA"]
[WhiteElo "1496"]
[WhiteRD "51"]
[BlackElo "1709"]
[BlackRD "56"]
[GameID "432582"]

1. d4 d5 2. c4 e6 3. Nc3 Nf6 4. Bg5 Be7 5. Nf3 O-O 6. e3 Nbd7 7. Bd3 dxc4 8. Bxc4 h6 9. Bxf6 Bxf6 10. O-O b6
11. h3 Bb7 12. e4 Be7 13. a3 Nf6 14. Re1 Re8 15. b4 Rc8 16. Qa4 a6 17. Bxa6 Bxa6 18. Qxa6 Ra8 19. Qd3 c6 20. e5 Nd5
21. Nxd5 cxd5 22. Rec1 Qd7 23. Qd2 Rec8 24. Rxc8+ Rxc8 25. a4 Rc4 26. b5 Bb4 27. Qf4 Qe7 28. Rc1 Qc7 29. Rb1 Be7 30. Ra1 Qa7
31. a5 bxa5 32. Qd2 Bb4 33. Qb2 Qb6 34. Qa2 Qxb5 35. Kh2 Qc6 36. Nd2 Rc2 37. Qb1 Rxd2 38. f4 Qc3 39. Kh1 Qxd4 40. Kh2 Qxf4+
41. Kh1 Qxe5 42. Qf1 Bc3 43. Rb1 Bb4 44. Re1 Qg3 45. Re2 Qd3 46. Rf2 Qxf1+ 47. Rxf1 a4 48. Rb1 Rd4
0-1

[Event "Fast Queen Gambit Declined!"]
[Site "SchemingMind.com"]
[Date "2018.09.16"]
[Round "-"]
[White "ray winteringham"]
[Black "flyinduck"]
[Result "0-1"]
[WhiteCountry "ENG"]
[BlackCountry "CAN"]
[WhiteElo "1483"]
[WhiteRD "53"]
[BlackElo "2024"]
[BlackRD "53"]
[GameID "432583"]

1. d4 d5 2. c4 e6 3. Nc3 Nf6 4. Bg5 Be7 5. Nf3 O-O 6. c5 b6 7. b4 a5 8. a3 axb4 9. axb4 Rxa1 10. Qxa1 Ne4
11. Bxe7 Qxe7 12. g3 Nc6 13. Qb2 bxc5 14. bxc5 Bd7 15. Bg2 Rb8 16. Qc1 e5 17. Nxe5 Nxd4 18. Bxe4 Qxe5 19. Bxd5 Nxe2 20. Bxf7+ Kxf7
21. Kd2 Nxc1
0-1

[Event "Fast Queen Gambit Declined!"]
[Site "SchemingMind.com"]
[Date "2018.09.15"]
[Round "-"]
[White "flyinduck"]
[Black "ray winteringham"]
[Result "1-0"]
[WhiteCountry "CAN"]
[BlackCountry "ENG"]
[WhiteElo "2024"]
[WhiteRD "53"]
[BlackElo "1483"]
[BlackRD "53"]
[GameID "432584"]

1. d4 d5 2. c4 e6 3. Nc3 Nf6 4. Bg5 Be7 5. Nf3 O-O 6. e3 h6 7. Bh4 c6 8. Rc1 Bd7 9. Bd3 a5 10. O-O Na6
11. Ne5 Nb4 12. Bb1 b5 13. c5 a4 14. a3 Na6 15. Qd3 g6 16. Nxg6 Ne4 17. Nxe7+ Kh8 18. Nxe4 Rg8 19. Nf6 Rg7 20. Nh5 Qg8
21. Nxg8 Raxg8 22. Bf6
1-0

[Event "Fast Queen Gambit Declined!"]
[Site "SchemingMind.com"]
[Date "2018.09.16"]
[Round "-"]
[White "ray winteringham"]
[Black "jolasebabes"]
[Result "0-1"]
[WhiteCountry "ENG"]
[BlackCountry "POR"]
[WhiteElo "1483"]
[WhiteRD "53"]
[BlackElo "2150"]
[BlackRD "72"]
[GameID "432585"]

1. d4 d5 2. c4 e6 3. Nc3 Nf6 4. Bg5 Be7 5. Nf3 Nbd7 6. c5 c6 7. e3 h6 8. Bh4 O-O 9. Bg3 Nh5 10. Be2 Nxg3
11. fxg3 e5 12. b4 e4 13. Nd2 Bg5 14. O-O Bxe3+ 15. Kh1 Bxd4 16. Qc2 a5 17. a3 axb4 18. axb4 Rxa1 19. Rxa1 Qg5 20. g4 Nf6
21. h3 Bxg4 22. Bxg4 Nxg4 23. g3 Ne3 24. Qc1 Qxg3 25. Qg1 Qxh3+ 26. Qh2 Qxh2+ 27. Kxh2 Bxc3 28. Ra2 Bxd2 29. Rxd2 Nf1+
0-1

[Event "Fast Queen Gambit Declined!"]
[Site "SchemingMind.com"]
[Date "2018.09.15"]
[Round "-"]
[White "jolasebabes"]
[Black "ray winteringham"]
[Result "1-0"]
[WhiteCountry "POR"]
[BlackCountry "ENG"]
[WhiteElo "2150"]
[WhiteRD "72"]
[BlackElo "1483"]
[BlackRD "53"]
[GameID "432586"]

1. d4 d5 2. c4 e6 3. Nc3 Nf6 4. Bg5 Be7 5. Nf3 O-O 6. e3 h6 7. Bh4 Nbd7 8. Bd3 c6 9. cxd5 Nxd5 10. Bxe7 Qxe7
11. O-O a6 12. Rc1 b5 13. Nxd5 cxd5 14. Rc7 Qd6 15. Qc2 Nb6 16. Bh7+ Kh8 17. Ne5 g6 18. Rxf7 Rxf7 19. Nxf7+ Kxh7 20. Nxd6 Bd7
21. Qc7
1-0

[Event "Fast Queen Gambit Declined!"]
[Site "SchemingMind.com"]
[Date "2018.09.18"]
[Round "-"]
[White "Phillip Beckett"]
[Black "willyboy"]
[Result "0-1"]
[WhiteCountry "ENG"]
[BlackCountry "AUT"]
[WhiteElo "1482"]
[WhiteRD "55"]
[BlackElo "1792"]
[BlackRD "134"]
[GameID "432696"]

1. d4 d5 2. c4 e6 3. Nc3 Nf6 4. Bg5 Be7 5. Nf3 h6 6. Bh4 O-O 7. e3 b6 8. Bd3 c5 9. cxd5 Nxd5 10. Bxe7 Qxe7
11. Nxd5 exd5 12. dxc5 bxc5 13. O-O Be6 14. Ne5 Qf6 15. Ng4 Qxb2 16. Bb1 f5 17. Nxh6+ gxh6 18. Bd3 c4 19. Be2 Nc6 20. Rb1 Qxa2
21. g4 Rf7 22. gxf5 Bxf5 23. Qxd5 Qxe2 24. Qxc6 Rc8 25. Qxh6 Rg7+ 26. Kh1 Qf3#
0-1

[Event "Fast Queen Gambit Declined!"]
[Site "SchemingMind.com"]
[Date "2018.09.18"]
[Round "-"]
[White "willyboy"]
[Black "Phillip Beckett"]
[Result "1-0"]
[WhiteCountry "AUT"]
[BlackCountry "ENG"]
[WhiteElo "1792"]
[WhiteRD "134"]
[BlackElo "1482"]
[BlackRD "55"]
[GameID "432697"]

1. d4 d5 2. c4 e6 3. Nc3 Nf6 4. Bg5 Be7 5. Nf3 h6 6. Bh4 O-O 7. e3 Ne4 8. Bxe7 Qxe7 9. Rc1 Nxc3 10. Rxc3 c6
11. Qc2 dxc4 12. Bxc4 Nd7 13. O-O e5 14. d5 cxd5 15. Bxd5 Nb6 16. Be4 Be6 17. Rc7 Qf6 18. Bxb7 Rab8 19. Qc5 Bg4 20. Nxe5 Be6
21. Nc6 Rxb7 22. Rxb7 Nd5 23. Qxf8+ Kxf8 24. Rb8+
1-0

[Event "Fast Queen Gambit Declined!"]
[Site "SchemingMind.com"]
[Date "2018.09.18"]
[Round "-"]
[White "kenneth m day"]
[Black "willyboy"]
[Result "0-1"]
[WhiteCountry "USA"]
[BlackCountry "AUT"]
[WhiteElo "1709"]
[WhiteRD "56"]
[BlackElo "2012"]
[BlackRD "80"]
[GameID "432698"]

1. d4 d5 2. c4 e6 3. Nc3 Nf6 4. Bg5 Be7 5. Nf3 h6 6. Bxf6 Bxf6 7. e3 O-O 8. Bd3 c5 9. O-O cxd4 10. exd4 dxc4
11. Bxc4 Nc6 12. Rc1 Nxd4 13. Nxd4 Bxd4 14. Re1 Bxf2+ 15. Kxf2 Qh4+ 16. Kg1 Qxc4 17. Re4 Qc5+ 18. Kh1 b6 19. Ne2 Qe7 20. Nf4 Bb7
21. Rec4 Rfd8 22. Qg4 Qf6 23. b3 Rd2 24. a3 b5 25. R4c3 Rf2 26. Kg1 Qd4 27. Rd3 Rxg2+
0-1

[Event "Fast Queen Gambit Declined!"]
[Site "SchemingMind.com"]
[Date "2018.09.18"]
[Round "-"]
[White "willyboy"]
[Black "kenneth m day"]
[Result "1-0"]
[WhiteCountry "AUT"]
[BlackCountry "USA"]
[WhiteElo "2012"]
[WhiteRD "80"]
[BlackElo "1709"]
[BlackRD "56"]
[GameID "432699"]

1. d4 d5 2. c4 e6 3. Nc3 Nf6 4. Bg5 Be7 5. Nf3 O-O 6. e3 h6 7. Bh4 c5 8. dxc5 Bxc5 9. cxd5 exd5 10. Be2 Qb6
11. O-O Nbd7 12. Rc1 Qe6 13. Nd4 Bxd4 14. Qxd4 b6 15. Nb5 Ne8 16. Bg4 f5 17. Bf3 Bb7 18. Nc7 Nxc7 19. Rxc7 Bc6 20. Rxc6 Qe5
21. Qxd5+ Qxd5 22. Bxd5+ Kh8 23. Rc7 Rac8 24. Rxd7 g5 25. Bg3 f4 26. exf4 gxf4 27. Bh4 Rc2 28. Be7 Rfc8 29. Bf6#
1-0

[Event "Fast Queen Gambit Declined!"]
[Site "SchemingMind.com"]
[Date "2018.09.18"]
[Round "-"]
[White "ray winteringham"]
[Black "willyboy"]
[Result "0-1"]
[WhiteCountry "ENG"]
[BlackCountry "AUT"]
[WhiteElo "1483"]
[WhiteRD "53"]
[BlackElo "1792"]
[BlackRD "134"]
[GameID "432700"]

1. d4 d5 2. c4 e6 3. Nc3 Nf6 4. Bg5 Be7 5. Nf3 h6 6. Bh4 O-O 7. e3 b6 8. Be2 Bb7 9. Bxf6 Bxf6 10. O-O dxc4
11. Bxc4 c5 12. Nd2 cxd4 13. Ne2 dxe3 14. fxe3 b5 15. Bb3 Qd3 16. Bc2 Qxe3+ 17. Kh1 Rd8 18. Nc4 Qg5 19. Qb1 Qxg2#
0-1

[Event "Fast Queen Gambit Declined!"]
[Site "SchemingMind.com"]
[Date "2018.09.18"]
[Round "-"]
[White "willyboy"]
[Black "ray winteringham"]
[Result "1-0"]
[WhiteCountry "AUT"]
[BlackCountry "ENG"]
[WhiteElo "1792"]
[WhiteRD "134"]
[BlackElo "1483"]
[BlackRD "53"]
[GameID "432701"]

1. d4 d5 2. c4 e6 3. Nc3 Nf6 4. Bg5 Be7 5. Nf3 c6 6. e3 a5 7. Bd3 dxc4 8. Bxc4 b5 9. Bd3 Bb7 10. O-O Nbd7
11. Rc1 h6 12. Bf4 O-O 13. Ne5 b4 14. Nxd7 Qxd7 15. Na4 Nd5 16. Be5 f6 17. Bg3 Bd8 18. Nc5 Qe7 19. e4 Nb6 20. Qb3 Kh8
21. Nxb7 Qxb7 22. Qxe6 Be7 23. Rxc6 Nc8 24. Rc7 Qb6 25. Qf5 Nd6 26. Bxd6 g6 27. Qxg6 Qxd4 28. Rxe7
1-0

[Event "Fast Queen Gambit Declined!"]
[Site "SchemingMind.com"]
[Date "2018.09.18"]
[Round "-"]
[White "flyinduck"]
[Black "willyboy"]
[Result "0-1"]
[WhiteCountry "CAN"]
[BlackCountry "AUT"]
[WhiteElo "2023"]
[WhiteRD "52"]
[BlackElo "2012"]
[BlackRD "80"]
[GameID "432702"]

1. d4 d5 2. c4 e6 3. Nc3 Nf6 4. Bg5 Be7 5. Nf3 h6 6. Bh4 O-O 7. e3 Nbd7 8. Rc1 c6 9. Bd3 dxc4 10. Bxc4 b5
11. Bd3 Bb7 12. O-O a6 13. e4 c5 14. e5 Nd5 15. Bxe7 Qxe7 16. Bb1 Nxc3 17. bxc3 Rfd8 18. Qd3 Nf8 19. Qe3 Bxf3 20. Qxf3 Rac8
21. Qe3 cxd4 22. cxd4 Rxc1 23. Rxc1 Qb4 24. Rd1 Qa4 25. Qd3 Ng6 26. Bc2 Qxa2 27. Bb3 Qb2 28. Bxe6 Nxe5 29. Qe4 fxe6 30. Qxe5 Qb3
31. Ra1 a5 32. h4 a4 33. Rc1 a3 34. Rc7 Qd1+ 35. Kh2 Qxd4
0-1

[Event "Fast Queen Gambit Declined!"]
[Site "SchemingMind.com"]
[Date "2018.09.19"]
[Round "-"]
[White "willyboy"]
[Black "flyinduck"]
[Result "1-0"]
[WhiteCountry "AUT"]
[BlackCountry "CAN"]
[WhiteElo "2012"]
[WhiteRD "80"]
[BlackElo "2023"]
[BlackRD "52"]
[GameID "432703"]

1. d4 d5 2. c4 e6 3. Nc3 Nf6 4. Bg5 Be7 5. Nf3 O-O 6. e3 c6 7. Bd3 dxc4 8. Bxc4 Nd5 9. Bxe7 Qxe7 10. O-O Nd7
11. Bd3 Nxc3 12. bxc3 e5 13. Qc2 h6 14. a4 Re8 15. e4 c5 16. d5 Nf8 17. Rfb1 g5 18. Nd2 Ng6 19. a5 Nf4 20. Bf1 Rb8
21. Nc4 f5 22. g3 fxe4 23. gxf4 exf4 24. f3 Bf5 25. Re1 Bh7 26. fxe4 Bxe4 27. Bd3 Bxd3 28. Qxd3 Qf6 29. d6 f3 30. Re3 g4
31. d7
1-0

[Event "Fast Queen Gambit Declined!"]
[Site "SchemingMind.com"]
[Date "2018.09.18"]
[Round "-"]
[White "jolasebabes"]
[Black "willyboy"]
[Result "1/2-1/2"]
[WhiteCountry "POR"]
[BlackCountry "AUT"]
[WhiteElo "2146"]
[WhiteRD "70"]
[BlackElo "2012"]
[BlackRD "80"]
[GameID "432704"]

1. d4 d5 2. c4 e6 3. Nc3 Nf6 4. Bg5 Be7 5. Nf3 h6 6. Bh4 O-O 7. e3 b6 8. cxd5 Nxd5 9. Bxe7 Qxe7 10. Nxd5 exd5
11. Rc1 Be6 12. Qc2 Rc8 13. Be2 c5 14. O-O Nd7 15. Ba6 Rc7 16. b3 Bg4 17. Nd2 Nb8 18. Bd3 Qg5 19. Rfe1 Nc6 20. f4 Qf6
21. h3 Nb4 22. Qb1 Be6 23. Nf3 Nxd3 24. Qxd3 Bf5 25. Qd2 Be4 26. dxc5 bxc5 27. Ne5 Rd8 28. Qa5 Rdc8 29. Red1 Qb6 30. Qxb6 axb6
31. Ng4 c4 32. Nf2 cxb3=
1/2-1/2